Szczegóły MARC21

Doktor klaun! : Terapia śmiechem, wolontariat, edukacja międzykulturowa /

003 -Nazwa inst., której nr kontr. jest w polu 001 [,]
    • @
    • Nazwa instytucji, której n kontrolny jest w polu 001
    • NUKAT
005 -DATA I CZAS OSTATNIEJ MODYFIKACJI [,]
    • @
    • pole kontrolne
    • 20241231101022.0
020 -Międzynarod. znormalizowany nr książki - ISBN [ , ]
    • a
    • Numer ISBN
    • 9788378500315 Find
040 -Instytucja sporządzająca opis [ , ]
    • a
    • Instytucja, która sporządziła opis (NP)
    • WA U/92UJ
    • c
    • Instytucja, która sporządziła rekord (NP)
    • WA U/UJ
    • d
    • Instytucja, która zmodyfikowała rekord (P)
    • WA U/DM
    • d
    • Instytucja, która zmodyfikowała rekord (P)
    • Ł U/MRs
    • d
    • Instytucja, która zmodyfikowała rekord (P)
    • WR O/KPK
    • d
    • Instytucja, która zmodyfikowała rekord (P)
    • GD 27/LKs
    • d
    • Instytucja, która zmodyfikowała rekord (P)
    • SIEDL 004/HKT
942 -Rodzaj dokumentu [ , ]
    • c
    • Rodzaj dokumentu
    • Książka
100 -Hasło główne - nazwa osobowa [1, ]
    • a
    • Nazwa osobowa (NP)
    • Grzybowski, Przemysław.
    • 9
    • KHW
    • 39206
245 -Strefa tytułu i oznaczenia odpowiedzialności [1,0]
    • a
    • Tytuł
    • Doktor klaun! : Find
    • b
    • Ciąg dalszy tytułu (NP)
    • Terapia śmiechem, wolontariat, edukacja międzykulturowa / Find
    • c
    • Pozostałe elementy strefy tytułu i oznaczenia odpowiedzialności (NP)
    • Przemysław Paweł Grzybowski.
260 -Strefa adresu wydawniczego [ , ]
    • a
    • Miejsce wydania (P)
    • Kraków :
    • b
    • Nazwa wydawcy (P)
    • Oficyna Wydawnicza "Impuls",
    • c
    • Data wydania (P)
    • 2012.
300 -Strefa opisu fizycznego [ , ]
    • a
    • Określenie formy książki i/lub objętość (NP)
    • 472 s. :
    • b
    • Oznaczenie ilustracji (NP)
    • il. ;
    • c
    • Format (NP)
    • 24 cm +
    • e
    • Oznaczenie dokumentu towarzyszącego (NP)
    • płyta DVD.
336 -Typ zawartości [ , ]
    • a
    • Termin opisujący typ zawartości
    • Tekst
    • b
    • Kod określający zawartość
    • txt
    • 2
    • Źródło (terminu i kodu)
    • rdacontent
337 -Typ mediów [ , ]
    • a
    • Tryb odtwarzania
    • Bez urządzenia pośredniczącego
    • b
    • Kod typu mediów
    • n
    • 2
    • Źródło (terminu i kodu)
    • rdamedia
338 -Typ/rodzaj nośnika [ , ]
    • a
    • Hasło opisujące typ nośnika
    • Wolumin
    • b
    • Kod typu nośnika
    • nc
    • 2
    • Źródło (terminu i kodu)
    • rdacarrier
500 -Uwaga ogólna [ , ]
    • a
    • Uwaga ogólna (NP)
    • Na płycie ilustrowana monografia na temat terapii śmiechem i działalności doktorów klaunów.
504 -Uwaga dot. bibliogr. załącznikowej [ , ]
    • a
    • Uwaga dot. bibliografii załącznikowej
    • Bibliogr. s. 311-326 i 349-431.
521 -Uwaga dot. przeznaczenia czytelniczego [8, ]
    • a
    • Uwaga dot. przeznaczenia czytelniczego
    • Dla osób, które chciałby poprawić jakość życia innych ludzi i własną. Zainteresuje lekarzy, pielęgniarki, terapeutów, nauczycieli, pracowników socjalnych, studentów medycyny i nauk o zdrowiu, psychologii, pedagogiki, animatorów świetlic i kół zainteresowań, wolontariuszy, członków organizacji pozarządowych.
080 -Uniwersalna Klasyfikacja Dziesiętna [ , ]
    • 2
    • Identyfikator wydania tablic
    • UDC-P058
    • 9
    • UKD
    • 3816
    • a
    • Symbol klasyfikacji
    • 37.013.43:316.7
    • b
    • Dopowiedzenie
    • Edukacja międzykulturowa.
080 -Uniwersalna Klasyfikacja Dziesiętna [ , ]
    • 2
    • Identyfikator wydania tablic
    • UDC-P058
    • 9
    • UKD
    • 3738
    • a
    • Symbol klasyfikacji
    • 364-32
    • b
    • Dopowiedzenie
    • Organizacje wolontariuszy. Wolontariat.
080 -Uniwersalna Klasyfikacja Dziesiętna [ , ]
    • 2
    • Identyfikator wydania tablic
    • UDC-P058
    • 9
    • UKD
    • 15532
    • a
    • Symbol klasyfikacji
    • 615.851:7
    • b
    • Dopowiedzenie
    • Arteterapia.
080 -Uniwersalna Klasyfikacja Dziesiętna [ , ]
    • 2
    • Identyfikator wydania tablic
    • UDC-P058
    • 9
    • UKD
    • 4601
    • a
    • Symbol klasyfikacji
    • 614.2
    • b
    • Dopowiedzenie
    • Urzędowa i zawodowa organizacja służby zdrowia. Szpitale. Sanatoria. Ośrodki zdrowia. Przychodnie lekarskie.
650 -Hasło przedmiotowe [ ,7]
    • a
    • Hasło przedmiotowe
    • Edukacja międzykulturowa.
    • 2
    • Źródło terminu
    • kaba
    • 9
    • KHW
    • 107230
650 -Hasło przedmiotowe [ ,7]
    • a
    • Hasło przedmiotowe
    • Śmiech
    • x
    • Określnik rzeczowy
    • aspekt psychologiczny.
    • 2
    • Źródło terminu
    • kaba
    • 9
    • KHW
    • 368111
650 -Hasło przedmiotowe [ ,7]
    • a
    • Hasło przedmiotowe
    • Śmiech
    • x
    • Określnik rzeczowy
    • zastosowanie w leczeniu.
    • 2
    • Źródło terminu
    • kaba
    • 9
    • KHW
    • 203028
650 -Hasło przedmiotowe [ ,7]
    • a
    • Hasło przedmiotowe
    • Wolontariat.
    • 2
    • Źródło terminu
    • kaba
    • 9
    • KHW
    • 136333
980 -Symbol UKD [ , ]
    • a
    • UKD
    • 37.013.43:316.7:364-32:615.851:7:614.2
920 -ISBN [ , ]
    • a
    • ISBN
    • 978-83-7850-031-5 Find
Lokalizacja Data inwentaryzacji Status udost. Numer inwentarzowy
BG2012-07-181Z.116271
BG2012-07-18-3WM.13656
BG2012-07-18-3WM.13657
BNS2012-11-051H.23290